| 000 | 01069nam0a22002771 4500 | ||
|---|---|---|---|
| 001 | rc\4369774 | ||
| 005 | 20130416142424.4 | ||
| 021 |
_aRU _bРг138-65 |
||
| 035 | _a(NLR Aleph) 008286065 | ||
| 090 |
_a8546552 _c8546552 |
||
| 100 | _a20130416d1957 |||y0rusy50 ca | ||
| 101 | 0 | _arus | |
| 102 | _aRU | ||
| 105 | _aa z ||||| | ||
| 200 | 1 |
_aГенератор ГСН-3000 _eТехн. описание, руководство по эксплуатации и ремонту _fМ-во авиац. пром-сти СССР |
|
| 210 |
_aМосква _cОборонгиз _d1957 |
||
| 215 |
_a44 с. _cил. _d22 |
||
| 300 | _aНа обороте тит. л. сост.: инж. В.С. Горохов, техник Я.Д. Мордовин | ||
| 702 | 1 |
_aГорохов _bВ. С. _4220 |
|
| 702 | 1 |
_aМордовин _bЯ. Д. _4220 |
|
| 712 | 0 | 1 |
_aСССР _bМинистерство авиационной промышленности _3RU\NLR\AUTH\8810102738 |
| 801 | 0 |
_aRU _bNLR _gpsbo |
|
| 801 | 1 |
_aRU _bELAR _2rusmarc |
|
| 852 |
_aNLR _j64-6/14478 |
||
| 942 | _cBOOK | ||
| 980 | _aNB | ||